| 000 | 00472nam a22001817a 4500 | ||
|---|---|---|---|
| 008 | 131011b xxu||||| |||| 00| 0 eng d | ||
| 020 | _a0072860685 | ||
| 041 | 0 | _aeng | |
| 080 | _a174.4 : 658 | ||
| 245 | 1 | 0 |
_aBusiness Ethics _cJohn E. Richardson |
| 250 |
_a16 edition _bAnnual Edition |
||
| 260 |
_aIowa : _bMcGraw-Hill/Dushkin ; _c2004 |
||
| 300 |
_a221 f. : _bme il. ; _c28 cm. |
||
| 650 | 0 | _aBiznesi | |
| 650 | 0 | _aEtika | |
| 650 | 0 | _aEtika e biznesit | |
| 942 |
_2udc _cBK |
||
| 999 |
_c106 _d106 |
||